Résultats de la coupe du Monde 2018 - Click Quiz - Statistiques

Statistiques générales
  • Ce quiz a été pris 3 573 fois
  • Le résultat moyen est 21 sur 32
Statistiques - réponses
Hint Réponse % Correct
France Vainqueur
86%
Croatie 2 ème
84%
Arabie Saoudite Phase de groupes
84%
Iran Phase de groupes
84%
Panama Phase de groupes
83%
Pérou Phase de groupes
83%
Islande Phase de groupes
81%
Egypte Phase de groupes
80%
Tunisie Phase de groupes
79%
Costa Rica Phase de groupes
77%
Australie Phase de groupes
76%
Argentine Huitièmes de finale
75%
Serbie Phase de groupes
75%
Belgique 3 ème
74%
Allemagne Phase de groupes
74%
Maroc Phase de groupes
74%
Nigeria Phase de groupes
71%
Brésil Quarts de finale
67%
Sénégal Phase de groupes
63%
Espagne Huitièmes de finale
56%
Portugal Huitièmes de finale
56%
Corée du Sud Phase de groupes
56%
Uruguay Quarts de finale
56%
Danemark Huitièmes de finale
54%
Angleterre 4 ème
52%
Japon Huitièmes de finale
51%
Mexique Huitièmes de finale
50%
Suisse Huitièmes de finale
50%
Pologne Phase de groupes
50%
Colombie Huitièmes de finale
48%
Russie Quarts de finale
48%
Suède Quarts de finale
14%
Aucun quiz correspondant
Distribution des résultats
% des personnes avec chaque résultat
Percentile par nombre de réponses
Votre historique - résultats
Vous n’avez pas pris ce quiz